000 00491pab a2200169 454500
008 180718b2005 xxu||||| |||| 00| 0 eng d
100 _aLoewentheil, Nathaniel
245 _aThe renter squeeze: minority and low-income renters feel pressures from housing book and weak labor market
260 _c2005
300 _ap.755-69.
362 _aNov
650 _aHousing
650 _aLabour market
700 _aWeller, Christian E.
773 _aReview of Policy Research
909 _a68646
999 _c68646
_d68646